000 00739nam a2200253Ia 4500
003 OSt
005 20221005092718.0
006 a|||||r|||| 00| 0
007 ta
008 221004b |||||||| |||| 00| 0 eng d
020 _a0671247468 (hbk)
024 _a122435
037 _bGift, 27/10/2012,
_cTextual
040 _aCRL
_cCRL
_beng
041 _2eng
_aeng
082 _aV73, M2
100 _aReeves Richard
_9617674
245 0 _aAmerican journey
_b Traveling with tocqueville in search of democracy in America
260 _aNew York
_bSimon and Schuster U.S.A
_c1982
300 _a399p.
_ccm.
650 _aHISTORY
942 _hV73, M2
_cTEXL
_2cc
999 _c999257
_d999257